000 00863nam a2200265Ia 4500
003 GCL
008 140319s9999 xx 000 0 ara d
040 _aGCL /
_cGCL
082 0 4 _aم
_b630.3
_bم د
100 1 _aاحمد مستجير
245 1 0 _aدائرة المعارف الزراعية العربية /
_cاحمد مستجير
700 1 _aممدوح رضا
700 1 _aاحمد رياض
260 _a[S.N] :
_bدار التعاون للطبع والنشر
300 _aمتعدد
490 _aماذا اعرف
_v0
650 0 4 _aدوائر المعارف
650 0 4 _aالزراعة
650 0 4 _aالتنمية الزراعية
650 0 4 _aالادارة الزارعية
650 0 4 _aالانتاج الزراعى
650 0 4 _aالارشاد الزراعى
650 0 4 _aالصناعات الزراعية
942 _2ddc
_cREF
999 _c59606
_d59606